000 01217nam a2200361 a 4500
001 000010449
003 DO-SdBNP
005 20180212115021.0
007 000010449
008 091007t2004 dr 000 p spa d
020 _a9993477567
040 _aBPMSU
_bspa
_cBPMSU
092 _aRD861.44
_bM878n
100 1 _aMorrison, Mateo
_b1947-
245 1 0 _aNo olvidar a los poetas /
_cMateo Morrison.
260 _aSanto Domingo :
_bUniversidad Autónoma de Santo Domingo,
_c2004.
300 _a146 p. ;
_c22 cm.
490 1 _aPublicaciones de la Universidad Autónoma de Santo Domingo
_v1165
490 1 _aLiteratura y Sociedad
_v44
500 _aIncluye bibliográfías : (p. 137-146)
500 _aIncluye datos biográficos del autor en la contracubierta
650 4 _aPOESÍA DOMINICANA
650 4 _aLITERATURA DOMINICANA
830 0 _aPublicaciones de la Universidad Autónoma de Santo Domingo
_v1165
830 0 _aLiteratura y Sociedad
_n44
910 _aValidado. Control de calidad EMS
930 1 _l
_m
_8
_f
_p
_g
942 _2ddc
_cBK
945 _aTítulo remanejado para la BNPHU
956 _a
_b
_c
_l
_h
956 _a
_b
_c
_l
_h
956 _aVMATEO
_b10
_c20150327
_lBPMSU
_h0069
999 _c7592
_d7592